| Поле | Инд. | ПП | Название | Значение |
|---|---|---|---|---|
| Тип записи | a | |||
| Библиографический уровень | m | |||
| 001 | Контрольный номер | RU/LIBMSTU/435749256 | ||
| 005 | Дата корректировки | 20200428145543.5 | ||
| 008 | Кодируемые данные | 131022|||||||||ru |||||||||||000|||rus|| | ||
| 020 | a | ISBN | 978-5-370-02855-7 | |
| 040 | b | Код языка каталог. | rus | |
| 041 | 0_ | a | Код языка текста | rus |
| 084 | a | Индекс другой классификации/Индекс ББК | 67.401.0я7 | |
| 090 | a | Полочн. индекс | 67.401 | |
| x | Авторский знак | А 92 | ||
| 100 | 1_ | a | Автор | Атаманчук Г. В. |
| 245 | 10 | a | Заглавие | Теория государственного управления |
| b | Продолж. заглавия | учеб. для вузов | ||
| 250 | a | Основные сведения об издании | 4-е изд., стер. | |
| 260 | a | Место издания | Москва | |
| b | Издательство | Омега-Л | ||
| c | Дата издания | 2014 | ||
| 300 | a | Объем | 525 с. | |
| 440 | _0 | a | Серия | Университетский учебник |
| 504 | a | Библиография | Библиогр.: с. 524-525 | |
| 583 | 1_ | x | Служебное примечание | Юрид. специальности. ВПО |
| 650 | 04 | a | Основная рубрика | Государственное управление-Учебные издания для высших учебных заведений |
| 653 | 0_ | a | Ключевые слова | Государственное управление; Организация государственного управления; Рационализация государственного управления |
| 901 | t | Тип документа | m | |
| 952 | c | Вид литературы | учебник |